Automatikus raktárirányítás egy adott vállalatnál

Bibliográfiai részletek
Szerző: Hüvösvölgyi Ferenc Gyula
További közreműködők: Lipák Mária
Dokumentumtípus: Projektmunka
Kulcsszavak:automatizáció - automatizálás
áruszállítás
logisztika
robotok
szállítás
Online Access:http://dolgozattar.uni-bge.hu/60022

MARC

LEADER 00000nnm a2200000 i 4500
001 dolg60022
005 20260409145902.0
008 260409suuuu hu o 000 hun d
040 |a BGE Dolgozattár Repozitórium  |b hun 
041 |a hu 
100 1 |a Hüvösvölgyi Ferenc Gyula 
245 1 0 |a Automatikus raktárirányítás egy adott vállalatnál  |c Hüvösvölgyi Ferenc Gyula  |h [elektronikus dokumentum] 
516 |a Project_work 
520 3 |a Ez a projektmunka nagyrészt a vállalat működéséről, teljesítményéről, történetéről és a jövőbeli célkitűzéséről ejtettem szót. Említésre került továbbá a munkám és az export-import ügyintéző munkájának a kihívásai, a nehézségei. Bemutattam továbbá a Memphis városban található amerikai Superhub-ját/Centralizált elosztóközpontját a FedEx-nek. Emellett a piktogramok eredetéről, érdekességeiről és raktározásban, szállítmányozásban alkotott fontos szerepéről tartottam egy beszámolót. Ezek mellett említésre került a cég háttérfolyamatai és a Liszt Ferenc repülőtér közelében található FedEx telephelyének az automatizálását, amit egy ügyfél/vevő vagy egy külső ember nem láthatja, tapasztalhatja és nem értheti meg. Végsősorban a projektmunkám végén említettem a telephelyem lemaradását és hiányosságait az amerikai központi Superhub-hoz viszonyítva. Az összeségben pedig érveltem amellett, hogy a robotok és a drónok mellett miért van szükség továbbá humán erőforráshoz. Minden olyan információ, ami nem tőlem és az általam tapasztalt ismereteimből származik, azokat az irodalomjegyzékben feltüntettem, hogy honnan származik az információ. Jelentős mértékben csökkentettem a plágiumi arányt, remélem, hogy így már elfogadják és az irodalomjegyzékkel együtt 25 oldalnak számít. 
695 |a automatizáció - automatizálás 
695 |a áruszállítás 
695 |a logisztika 
695 |a robotok 
695 |a szállítás 
700 1 |a Lipák Mária  |e ths 
856 4 0 |u http://dolgozattar.uni-bge.hu/60022/1/Projektmunka.pdf  |z Dokumentum-elérés 
856 4 0 |u http://dolgozattar.uni-bge.hu/60022/2/KM%20FOSZK%20b%C3%ADr%C3%A1lati%20lap%20%281%29.pdf  |z Dokumentum-elérés